History Quiz

Random History Quiz

Ex-Congressmen 110th Congress (07 - 08) Quiz Stats

 Plays Quiz not verified by Sporcle

Score 0/63 Timer 12:00
0 Plays Today
State or District Member Name % Correct
AK SenateTed Stevens
92.9%
NC SenateElizabeth Dole
89.3%
IL SenateBarack Obama
78.6%
NH SenateJohn Sununu
78.6%
OR SenateGordon Smith
78.6%
VA SenateJohn Warner
78.6%
ID SenateLarry Craig
75%
NM SenatePete Domenici
75%
LA - 2William Jefferson
71.4%
NE SenateChuck Hagel
71.4%
TN - 1David Davis
60.7%
VA - 11Tom Davis
60.7%
CO SenateWayne Allard
57.1%
ID - 1Bill Sali
57.1%
NM - 2Steve Pearce
57.1%
CT - 4Chris Shays
53.6%
ME - 1Tom Allen
53.6%
NM - 1Heather Wilson
53.6%
KS - 2Nancy Boyda
50%
LA - 6Don Cazayoux
50%
MD - 1Wayne Gilchrest
50%
OH - 1Steve Chabot
50%
AL - 5Bud Cramer
46.4%
CA - 4John Doolittle
46.4%
CO - 4Marilyn Musgrave
46.4%
MI - 7Tim Walberg
46.4%
MI - 9Joe Knollenberg
46.4%
NY - 13Vito Fossella
46.4%
UT - 3Chris Cannon
46.4%
VA - 5Virgil Goode
46.4%
WY - AllBarbara Cubin
46.4%
AL - 2Terry Everett
42.9%
State or District Member Name % Correct
AZ - 1Rick Renzi
42.9%
CA - 52Duncan Hunter
42.9%
MS - 3Chip Pickering
42.9%
OR - 5Darlene Hooley
42.9%
TX - 22Nick Lampson
42.9%
VA - 2Thelma Drake
42.9%
FL - 8Ric Keller
39.3%
FL - 24Tom Feeney
39.3%
IL - 18Ray LaHood
39.3%
MN - 3Jim Ramstad
39.3%
MO - 9Kenny Hulshof
39.3%
NJ - 3Jim Saxton
39.3%
NV - 3Jon Porter
39.3%
PA - 3Phil English
39.3%
CO - 6Tom Tancredo
35.7%
FL - 3Tim Mahoney
35.7%
IL - 11Jerry Weller
35.7%
LA - 4Jim McCrery
35.7%
NC - 8Robin Hayes
32.1%
NJ - 7Mike Ferguson
32.1%
NY - 25Jim Walsh
32.1%
NY - 29Randy Kuhl
32.1%
OH - 16Ralph Regula
32.1%
PR - AllLuis Fortuno
32.1%
NY - 26Tom Reynolds
28.6%
OH - 15Deborah Pryce
28.6%
KY - 2Ron Lewis
25%
FL - 15Dave Weldon
21.4%
NY - 21Mike McNulty
21.4%
OH - 7David Hobson
21.4%
PA - 5John Peterson
21.4%

You're not logged in!

Compare scores with friends on all Sporcle quizzes.
OR
Log In

Show Comments

Extras

Top Quizzes Today


Score Distribution

Your Account Isn't Verified!

In order to create a playlist on Sporcle, you need to verify the email address you used during registration. Go to your Sporcle Settings to finish the process.

Report this User

Report this user for behavior that violates our Community Guidelines.

Details: